Коаксиальный магнитоплазменный ускоритель; Фундаментальные и прикладные проблемы современной механики

Opis bibliograficzny
Parent link:Фундаментальные и прикладные проблемы современной механики.— 2011.— С. 150-151
1. autor: Сивков А. А. Александр Анатольевич
Kolejni autorzy: Герасимов Д. Ю. Дмитрий Юрьевич, Сайгаш А. С. Анастасия Сергеевна
Streszczenie:В фонде НТБ ТПУ отсутствует
Język:rosyjski
Wydane: 2011
Hasła przedmiotowe:
Format: MixedMaterials Rozdział
KOHA link:https://koha.lib.tpu.ru/cgi-bin/koha/opac-detail.pl?biblionumber=600543

MARC

LEADER 00000naa0a2200000 4500
001 600543
005 20250814104925.0
035 |a (RuTPU)RU\TPU\tpu\25039 
035 |a RU\TPU\tpu\24488 
090 |a 600543 
100 |a 20140512d2011 k y0rusy50 ca 
101 0 |a rus 
102 |a RU 
200 1 |a Коаксиальный магнитоплазменный ускоритель  |f А. А. Сивков, Д. Ю. Герасимов, А. С. Сайгаш 
333 |a В фонде НТБ ТПУ отсутствует 
463 |t Фундаментальные и прикладные проблемы современной механики  |o материалы VII Всероссийской научной конференции, посвященной 50-летию полета Ю. А. Гагарина и 90-летию со дня рождения основателя и первого директора НИИ ПММ ТГУ А. Д. Колмакова, Томск, 12-14 апреля 2011 г.  |v С. 150-151  |d 2011 
610 1 |a труды учёных ТПУ 
700 1 |a Сивков  |b А. А.  |c специалист в области электроэнергетики  |c профессор Томского политехнического университета, доктор технических наук  |f 1951-  |g Александр Анатольевич  |3 (RuTPU)RU\TPU\pers\26846  |9 12465 
701 1 |a Герасимов  |b Д. Ю.  |c специалист в области электроэнергетики  |c доцент Томского политехнического университета, кандидат технических наук  |f 1980-  |g Дмитрий Юрьевич  |3 (RuTPU)RU\TPU\pers\26563  |9 12252 
701 1 |a Сайгаш  |b А. С.  |c специалист в области электроэнергетики  |c доцент Томского политехнического университета, кандидат технических наук  |f 1981-  |g Анастасия Сергеевна  |3 (RuTPU)RU\TPU\pers\27720  |9 12794 
801 1 |a RU  |b 63413507  |c 20140131 
801 2 |a RU  |b 63413507  |c 20140512  |g RCR 
942 |c BK